Main Character - Zach Hood Lyrics - Statistics

General Stats
  • This quiz has been taken 4 times
    3 since last reset
  • The average score is 174 of 277
Answer Stats
Answer % Correct
a
100%
hard
100%
I
100%
it
100%
me
100%
so
100%
you
100%
You
100%
And
67%
and
67%
be
67%
but
67%
But
67%
character
67%
don't
67%
drunk
67%
even
67%
friends
67%
get
67%
I'll
67%
I'm
67%
in
67%
know
67%
main
67%
my
67%
never
67%
Oh
67%
sorry
67%
stories
67%
story
67%
tell
67%
that
67%
the
67%
this
67%
to
67%
tried
67%
When
67%
when
67%
with
67%
Yeah
67%
your
67%
you're
67%
ain't
33%
all
33%
always
33%
at
33%
baby
33%
'Cause
33%
dagger
33%
ends
33%
funny
33%
gave
33%
Guess
33%
guy
33%
how
33%
it's
33%
I've
33%
joke,
33%
killed
33%
left
33%
line
33%
matter
33%
matters
33%
mattress
33%
of
33%
other
33%
parts,
33%
party
33%
right
33%
Romeo
33%
say
33%
took
33%
tragic
33%
under
33%
want
33%
you'll
33%
You'll
33%
got
0%
heart
0%
just
0%
last
0%
laugh
0%
played
0%
No matching quizzes found
Score Distribution
Percent of People with Each Score
Percentile by Number Answered
Your Score History
You have not taken this quiz since the last reset